Masmédiá vo východnej a strednej Európe

Bibliographic Details
Main Authors: Vlková, Denisa (Author), AlHester, E. L. (Author), Reybold, L. E. (Author)
Format: Article
Language:Slovak
ISSN:0322-7049
Subjects:

MARC

LEADER 00000nab a2200000 a 4500
001 vtls000537935
003 SK-MaSNL
005 20260304090306.0
008 250425c1994 xo 0 slo
015 |a SNBRB19rr/mm-uuuuu 
035 |a CL0538073 
035 |a urn:nbn:sk:snk-abdmx 
035 |a (urnnbn)urn:nbn:sk:snk:ar-a03vio 
035 |a (uuid)a7163a43-91cb-4b9e-974b-ff8142c5c335 
040 |a SNKBUCL  |b slo  |c SNKBUCL  |e AACR2 
041 0 |a slo 
044 |a xo  |c SK 
080 |a 659.3(4-11)(048)  |2 1981 
080 |a 32.019.5(4-11)(048)  |2 1981 
080 |a 070.1(4-11)  |2 1981 
100 1 |a Vlková, Denisa  |4 aut  |9 1173550 
245 1 0 |a Masmédiá vo východnej a strednej Európe  |c Denisa Vlková 
650 0 7 |a štáty postkomunistické  |2 snkbucl  |9 889989 
650 0 7 |a politika masmediálna  |2 snkbucl  |9 972737 
655 7 |a články z novín a časopisov  |2 snkbucl  |9 267496 
700 1 |a AlHester, E. L.  |4 aut  |9 1381068 
700 1 |a Reybold, L. E.  |4 aut  |9 1381069 
773 0 |t Otázky žurnalistiky  |g Roč. 37, č. 2 (1994), s. 155  |x 0322-7049 
787 0 8 |i Rec.:  |a AlHester, E. L.  |t Revolutions for Freedom: The Mass Media in Eastern and Central Europe  |d Georgia : The University of Georgia, 1993 
850 |a Slovenská národná knižnica 
852 |a Slovenská národná knižnica 
954 |a odborná, vedecká literatúra pôvodná (slovenská)  |2 lita 
958 |a article27 
958 |a RK 
958 |a OND 
958 |a EUIPO 
992 |a RBX 
999 |c 2811002  |d 2812932